000 01074nam a2200301 a 4500
001 43754
003 BD-RjUL
005 20211209053741.0
008 160627s1981 cou b 001 0 eng
020 _a0865310386 :
_c$24.00 (est.)
020 _a0865311919
035 _a(BD-RjUL)43872
040 _aDLC
_cDLC
_dBD-RjUL
_beng
041 _aeng
082 0 0 _a327.091824
_223
_bIND 1981
245 0 4 _aThe Indian Ocean in global politics /
_cedited by Larry W. Bowman and Ian Clark.
260 _aBoulder, Colo. :
_bWestview Press,
_c1981.
300 _axi, 260 p. ;
_c24 cm.
490 1 _aWestview special studies in international relations
504 _aIncludes bibliographical references and index.
650 _aPolitics and government.
_zIndian Ocean Region
_9134484
650 _aForeign relations.
_zIndian Ocean Region
_9134485
700 1 _aBowman, Larry W.
_9134486
700 1 _aClark, Ian,
_d1949-
_9134487
830 0 _aWestview special studies on international relations and U.S. foreign policy.
_9134488
942 _2ddc
_cBK
999 _c43754
_d43754